00531nam a2200157Ia 4500008004100000040001800041041000800059100004100067245006300108260005200171300001800223500003800241500002200279600005700301650001500358130821s1935 xxu gr eng  aCo-BoUCMbspa00aeng1 aDavenport, Herbert Josephd1861-193114aThe economics of Alfred MarshallcHerbert Joseph Davenport aNueva York (Estados Unidos)bSentry Pressc1935 a481 páginas aDonación Dr. Álvaro Daza Roa. aIncluye índice.14aMarshall, Alfredd1842-1924xPensamiento económico04aEconomía